000 01296cam a22003497a 4500
003 CHAP
005 20220817043948.0
008 041005s2002 es a r 00010 spa d
010 _a88885
011 _a89857
020 _a8484760510
035 _a100408
040 _cCHAP
082 0 4 _a635.52
_bD3
100 0 0 _aDavis, R. Michael.
_931288
245 1 0 _aPlagas y enfermedades de la lechuga
_c/por R. Michael Davis (y otros)
260 _aMadrid :
_bMundi-Prensa,
_c2001
300 _a79 p. :
_bilus.
500 _aTrad. de : Compendium of lettuce diseases, 1997
590 _aBATCH-UPD
_b10
_c20130110
_lUCH01
_h0721
590 _aCONVERSION
_b10
_c20130109
_lUCH01
_h1349
650 0 4 _aLechuga
_xEnfermedades.
_965458
650 0 4 _aLechuga
_xPlagas.
_965470
710 1 _aAmerican Phytopathological Society
901 _aBK
905 _aAlejandra Carrasco M.
942 _cLIBRO
949 _a635.52 D3 2002
_bBC
_cLIBRO
_d33724000964011
_eLIBRO
_fc.3
_gI.c/e
_h109161
_i100408
_so
_t$563.00
949 _a635.52 D3 2002
_bBC
_cLIBRO
_d33724002001520
_eLIBRO
_gI.c/e
_h109162
_i100408
_so
_t$ 377.00
949 _a635.52 D3 2002
_bBC
_cLIBRO
_d33724002001561
_eLIBRO
_fc.2
_h109160
_i100408
_si
_t$ 377.00
949 _a635.52 D3 2002
_bBC
_cLIBRO
_d33724002045769
_eLIBRO
_fc.4
_gI.c/e
_h109163
_i100408
_so
_t483.00
999 _c88885
_d88885